| 000 | 00000nam##2200000za#4500 |
| 001 | 9.568270 |
| 003 | CaOODSP |
| 005 | 20240215150447 |
| 007 | cr ||||||||||| |
| 008 | 150406|1998||||xxc|||||o f|0| 0 eng|d |
| 040 | |aCaOODSP|beng |
| 043 | |an-cn--- |
| 086 | 1 |aPS83-3/79E-PDF |
| 110 | 2 |aCorrectional Service Canada. |
| 245 | 10|aAdult male offenders in Canada : |h[electronic resource]|brecent trends / |cby Colleen Anne Dell, Roberta Lynn Sinclair and Roger Boe. |
| 260 | |bCorrectional Service Canada |cDecember 1998. |
| 300 | |a60p.|bgraphs, tables |
| 490 | 1 |aResearch report|v[R-79] |
| 590 | |a10-12-Supp|b2010-11-18 |
| 720 | 1 |aDell, Colleen Anne |
| 720 | 1 |aBoe, Roger |
| 720 | 1 |aSinclair, Roberta Lynn |
| 775 | 08|tLes délinquants au Canada : |w(CaOODSP)9.599560 |
| 830 | #0|aResearch report (Correctional Service Canada. Research Branch)|v[R-79]|w(CaOODSP)9.506063 |
| 856 | 40|ahttp://publications.gc.ca|qPDF|s214 KB|uhttps://publications.gc.ca/collections/collection_2010/scc-csc/PS83-3-79-eng.pdf|y[R-79] |